|
|
|
|
| LEADER |
01013nam a2200253 a 4500 |
| 001 |
GR-MES14985 |
| 008 |
051011s2006 nyu 000 b eng d |
| 020 |
|
|
|a 0471746762
|
| 020 |
|
|
|a 9780471746768
|
| 040 |
|
|
|a GrPaTEI
|b gre
|c GR-PaULI
|
| 040 |
|
|
|a GrPaTEI
|b gre
|c GR-PaULI
|
| 082 |
|
0 |
|a 006.786
|2 21
|
| 100 |
1 |
|
|a Reinhardt, Robert,
|d 1973-
|
| 245 |
1 |
0 |
|a Macromedia Flash 8 bible /
|c Robert Reinhardt and Snow Dowd.
|
| 260 |
|
|
|a New York :
|b Wiley,
|c c2006
|
| 300 |
|
|
|a xli, 1274 σ., [16] πίνακες :
|b εικ. ;
|c 24 εκ. +
|e + 1 CD-ROM (4 3/4 in.)
|
| 500 |
|
|
|a Περιλαμβάνει ευρετήριο.
|
| 630 |
|
|
|a Flash (Computer file)
|
| 650 |
|
0 |
|a COMPUTER ANIMATION
|
| 700 |
1 |
|
|a Dowd, Snow
|
| 942 |
|
|
|2 ddc
|
| 952 |
|
|
|0 0
|1 0
|2 ddc
|4 0
|6 006_786000000000000_REI
|7 0
|9 272841
|a MSLG
|b MSLG
|c BSC
|d 2021-01-17
|e 24
|f 0
|g 0.00
|l 0
|o 006.786 REI
|p 2420000023538
|r 2021-01-17 00:00:00
|t 1
|w 2021-01-17
|y BK15
|x 20090320 0 ΤΣΑΝΤΑΡΛΙΩΤΗ 1
|x GrPaTEI
|
| 971 |
|
|
|a .b25810340
|b 15-04-20
|c 13-09-16
|
| 999 |
|
|
|c 157876
|d 157876
|